V inšpirujúcej atmosfére Hudobná jeseň v Košiciach žiari farbami.

Bibliographic Details
Main Author: Podracký, Igor, 1946-2013 (Author)
Format: Article
Language:Slovak
Subjects:

MARC

LEADER 00000nab a2200000 a 4500
001 vtls000913446
003 SK-MaSNL
005 20260304013427.0
008 190318e19911029xo 0 slo
035 |a KE22346 
040 |a KEVKJB  |b slo  |c KEVKJB  |e AACR2 
041 0 |a slo 
044 |a xo  |c SK 
080 |a 785.6  |2 1981 
100 1 |a Podracký, Igor,  |d 1946-2013  |4 aut  |9 234497 
245 1 0 |a V inšpirujúcej atmosfére  |b Hudobná jeseň v Košiciach žiari farbami. 
650 0 7 |a hudobné koncerty  |2 KEVKJB  |9 60029 
650 0 7 |a vážna hudba  |2 KEVKJB  |9 3218 
650 0 7 |a jeseň 1991  |2 KEVKJB  |9 1294427 
651 7 |a Košice (Slovensko)  |2 KEVKJB  |9 18694 
651 7 |a KE,  |2 KEVKJB  |9 877256 
655 7 |a periodikum  |2 snkbucl  |9 29553 
773 0 8 |t Národná obroda  |g Roč. 2  |g Roč. 28, č.253, 29.10.1991, s. 12 
852 |a ZVYKNI  |b KIS3GCP 
999 |c 2575771  |d 2577701